Регионална библиотека "Любен Каравелов" - Русе

Реалният социализъм (Запис номер 77270)

MARC детайли
000 -Лидер
Контролно поле с фиксирана дължина 03010nam a2200469 c 4500
003 - Код на организацията, давaща контролен номер
Контролно поле BLK
005 - Дата и час на последна редакция
Контролно поле 20240405005351.0
008 - Елементи от данни с фиксирана дължина
fixed length control field 180408b bul|||||r ||||||| ||bul||
010 ## - Наследен системен номер
LC control number KNG00081722000
020 ## - Международен стандартен номер на книга ISBN
Международен стандартен номер на книга ISBN 978-954-07-2488-1
-- издат.: Унив. изд. Св. Климент Охридски
040 ## - Източник на каталожния запис
Идентификатор на билиотеката - собственик на записа BLK
041 ## - Код за език
Код за езика на текст/звукозапис или на отделно заглавие Български
Код за езика КДБФ Български
080 ## - УДК
Текстов определител УДК Социалистическо и комунистическо общество - като социална система. Безкласови общества
УДК код - определител по УДК 316.323.7
УДК определител (042)
УДК - код + определител 316.323.7(042)
080 ## - УДК
Текстов определител УДК Социалистическа демокрация. Диктатура на пролетариата. Съветска форма на социалистическа държава. Народна демокрация
УДК код - определител по УДК 321.74
УДК определител (497.2)(042)
УДК - код + определител 321.74(497.2)(042)
080 ## - УДК
Текстов определител УДК Политически партии и движения
УДК код - определител по УДК 329
УДК определител (497.2)БКП(092)
УДК - код + определител 329(497.2)БКП(092)
080 ## - УДК
Текстов определител УДК Български държавник, политик, деец на БКП
УДК код - определител по УДК 929 Живков, Тодор Христов
УДК определител
УДК - код + определител 929 Живков, Тодор Христов
100 ## - Редна дума - Автор
Автор Живков, Тодор Христов
Дати, свързани с автора 1911 - 1998
Автор - информация (биография) Български политик, БКП. Първи секретар и генерален секретар на ЦК на БКП, председател на Министерския съвет и председател на Държавния съвет на НРБ
R(LIN) 365041
139 ## - Редно поле
Редна дума Живков, Тодор Христов
Авторски знак Живк - Ж 48
245 10 - Сведения за заглавието
Заглавие Реалният социализъм
Редно поле (дума) Тодор Христов Живков; състав. Бенжамен Варон.
257 ## - Страна на издаване
Страна на създаване/издаване България
260 ## - Област на издателските данни
-- София
Име на издателя, разпространителя и проч. Фонд. Арете - Фол
-- Унив. изд. Св. Климент Охридски
Година на издаване 2006
300 ## - Физическа характеристика
Страници 388 с.
Размери/Мащаб 21 см
380 ## - Жанр
Жанр Обществени науки
490 1# - СЕРИИ (Колекции)
Име на серия Библиотека Социални идеи
№: серия № 11
500 ## - Общи забележки
Забележка Състав. известен като Бенджамен Израел Варон. - Офс. изд.
600 #0 - Име на лице, използвано като предмет
За него / За нея Живков, Тодор Христов
Свързани дати 1911 - 1998
Друга информация Български политик, БКП. Първи секретар и генерален секретар на ЦК на БКП, председател на Министерския съвет и председател на Държавния съвет на НРБ
9 (RLIN) 365041
650 #4 - Допълнително описание по предмет – тема
Основно описание – тема или топоним Общество, социалистическо
9 (RLIN) 243411
650 #4 - Допълнително описание по предмет – тема
Основно описание – тема или топоним Социализъм
9 (RLIN) 171390
650 #4 - Допълнително описание по предмет – тема
Основно описание – тема или топоним Живков, Тодор Христов
9 (RLIN) 365041
651 #4 - Допълнително описание по предмет - топоним
Географско понятие България
9 (RLIN) 241624
653 ## - Ключова дума – ненормативна
Ключова дума социализъм
653 ## - Ключова дума – ненормативна
Ключова дума Тодор Живков
653 ## - Ключова дума – ненормативна
Ключова дума речи
653 ## - Ключова дума – ненормативна
Ключова дума биографии
700 1# - Други автори (авторска отговорност)
Лично име Варон, Бенжамен
Автороска отговорност (Описва отношението между автора и произведението) състав.
9 (RLIN) 367378
852 ## - Местоположение
Форматна сигнатура Цб 238575
856 4# - Електронен адрес и достъп
Електронен формат pdf - файл
Път до файла /url/
856 4# - Електронен адрес и достъп
Електронен формат pdf - файл
Път до файла /url/
942 ## - АРТИКУЛИ
Вид на библиотечния материал Книги
Скрит в OPAC Не
944 ## - СЪЗДАВАНЕ И РЕДАКЦИЯ на ЗАПИСА
Създаване/Редакция Създаване
Дата на регистрацията/редакция 22.02.2008
Служител, извършил регистрацията/редакцията
Статус, дата на статуса CRON CRON
944 ## - СЪЗДАВАНЕ И РЕДАКЦИЯ на ЗАПИСА
Създаване/Редакция Редакция
Дата на регистрацията/редакция 09.01.2009
Служител, извършил регистрацията/редакцията
999 ## - СИСТЕМНИ КОНТРОЛНИ НОМЕРА
Koha biblionumber 77270
Koha biblioitemnumber 77270
Наличности
Код за отписване Код за изгубен артикул Код за повреда Коз за рестрикции Код за отдаване Артикулен № Име на библиотеката - собственик Име на библиотеката, в която се намира в момента Статус (Текущо местоположение) Дата на вписване в системата Местоположение - отдел Цена в лева Инвентарен номер Систематично азбучна сигнатура Баркод Номер на екземпляра Цена в евро Служебна бележка Служебен тип на артикула
  Не е изгубен Не е повреден без рестрикции ползва се в читалня 125251 Регионална библиотека "Любен Каравелов" Русе Регионална библиотека "Любен Каравелов" Русе Хранилище 2008-02-22 Хранилище 0.00 120000723791 Цб 238575 120000723791 1 0.00 Дост: Dp Вид: Д N: 49 Дата: 15.11.2007 Книги
Vip Innovations Ltd, Rousse, Bulgaria 2025